Shropshire Places - Sudden Death - Statistics

General Stats
  • This quiz has been taken 49 times
  • The average score is 8 of 12
Answers on the Grid
Answers color-coded by a green-red scale on the quiz's grid according to % correct below.
Basingstoke
Bishop's Castle
Bridgnorth
Chesterfield
Cleobury Mortimer
Crewe
Highley
Leominster
Ludlow
Market Drayton
Market Harborough
Newport
Oswestry
Penrith
Reading
Shifnal
Shrewsbury
Stafford
Stoke-on-Trent
Telford
Truro
Whitchurch
Worcester
Worthing
 
Answer Stats
Answer % Correct
Shrewsbury
84%
Telford
82%
Ludlow
74%
Oswestry
74%
Bishop's Castle
66%
Whitchurch
66%
Bridgnorth
61%
Market Drayton
61%
Shifnal
58%
Newport
55%
Cleobury Mortimer
47%
Highley
34%
No matching quizzes found
Score Distribution
Percent of People with Each Score
Percentile by Number Answered
Your Score History
You have not taken this quiz